000 00776nam a2200229Ia 4500
005 20241129111314.0
008 241129s9999||||xx |||||||||||||| ||und||
020 _a978-93-89386-33-2
037 _aTB
040 _aCRL
_beng
_cCRL
041 _aeng
_2eng
084 _aQ4.4498'P1 R3
_qCRL
100 _aNandawansa Ven. Medagama Ed.; Huong Ven. Bhiksuni TN Gioi Ed.
_9724024
245 0 _aBuddhism in Sri Lanka: during the period of the 19th to 21st centuries
_cNandawansa Ven. Medagama Ed.; Huong Ven. Bhiksuni TN Gioi Ed.
260 _aDelhi, India
_bEastern Book Linkers
_c2023
300 _aviii,149p.
365 _aINR
_b1850
490 _aBao anh lac bookshelf; 80
650 _aBuddhism
942 _cTB
_hQ4.4498'P1 R3
999 _c1229839
_d1229839